[Event "26.ChessOrg Schachfestival"]
[Site "Bad Woerishofen"]
[Date "2010.03.08"]
[Round "3.20"]
[White "Bocksberger, Stefan"]
[Black "Doell, Detlef"]
[Result "1/2-1/2"]
[WhiteElo "2321"]
[BlackElo "2129"]
[PlyCount "56"]
[EventDate "2010.??.??"]

1. c4 Nf6 2. Nc3 g6 3. e4 d6 4. d4 Bg7 5. f3 O-O 6. Be3 e5 7. d5 Nh5 8. Qd2
Qh4+ 9. Bf2 Qf4 10. Qc2 f5 11. g3 Qg5 12. Qc1 Bh6 13. Qxg5 Bxg5 14. Rd1 Nf6 15.
h3 b6 16. Bd3 Na6 17. a3 Nc5 18. Bc2 fxe4 19. fxe4 a5 20. b3 Bd7 21. Nge2 Rf7
22. Nc1 Nh5 23. Nd3 Nxd3+ 24. Rxd3 Raf8 25. Nd1 Bc1 26. a4 Ba3 27. Ke2 Bc5 28.
Be1 Kg7 1/2-1/2

[Event "26.ChessOrg Schachfestival"]
[Site "Bad Woerishofen"]
[Date "2010.03.08"]
[Round "3.29"]
[White "De Luna, Alberto"]
[Black "Rahls, Peter"]
[Result "0-1"]
[WhiteElo "1826"]
[BlackElo "2255"]
[PlyCount "72"]
[EventDate "2010.??.??"]

1. d4 c5 2. d5 e5 3. c4 d6 4. Nc3 Be7 5. e4 Nf6 6. Bd3 Nbd7 7. Nge2 Nf8 8. f3
Ng6 9. Be3 Nh5 10. Qd2 Nhf4 11. O-O Nxd3 12. Qxd3 O-O 13. g4 Bg5 14. Ng3 a6 15.
a4 Bf4 16. Nce2 Bd7 17. Nf5 Bxf5 18. exf5 Qg5 19. Bxf4 Nxf4 20. Nxf4 exf4 21.
Qd2 Rfe8 22. Rae1 Re3 23. Re2 Rae8 24. Rfe1 h5 25. Rxe3 fxe3 26. Qe2 hxg4 27.
fxg4 Re4 28. h3 Qf4 29. Rc1 Rd4 30. Qf1 Qe5 31. Re1 Qg3+ 32. Kh1 Rf4 33. Qg1
Qxh3+ 34. Qh2 Rf1+ 35. Rxf1 Qxf1+ 36. Qg1 e2 0-1

[Event "26.ChessOrg Schachfestival"]
[Site "Bad Woerishofen"]
[Date "2010.03.08"]
[Round "3.4"]
[White "De Santis, Alessio"]
[Black "Luther, Thomas"]
[Result "1/2-1/2"]
[WhiteElo "2305"]
[BlackElo "2559"]
[PlyCount "92"]
[EventDate "2010.??.??"]

1. b3 Nf6 2. Bb2 g6 3. e4 d6 4. g3 Bg7 5. Bg2 c5 6. Ne2 Nc6 7. O-O O-O 8. Na3
Rb8 9. Nc4 Bd7 10. e5 dxe5 11. Nxe5 Qc7 12. Nxd7 Qxd7 13. a3 Rfd8 14. d3 Ne8
15. Bxg7 Nxg7 16. Re1 Nd4 17. Nc3 e6 18. Ne4 Qe7 19. a4 a5 20. Nd2 b6 21. Nc4
Qc7 22. Qd2 Ngf5 23. Rac1 Kg7 24. Qc3 Re8 25. Qb2 Kg8 26. Ne5 f6 27. Ng4 Kg7
28. c3 Nc6 29. d4 h5 30. Ne3 Nxe3 31. Rxe3 Qd6 32. Rd1 Rbd8 33. Red3 cxd4 34.
Bxc6 Qxc6 35. Rxd4 Rxd4 36. Rxd4 e5 37. Rc4 Qd6 38. Qe2 Rd8 39. Qe4 Rd7 40. Kg2
Rc7 41. b4 g5 42. b5 Rxc4 43. Qxc4 g4 44. Qc6 Qd3 45. Qxb6 Qf3+ 46. Kg1 Qd1+
1/2-1/2

[Event "26.ChessOrg Schachfestival"]
[Site "Bad Woerishofen"]
[Date "2010.03.08"]
[Round "3.12"]
[White "Gutman, Lev"]
[Black "Huhndorf, Arnold"]
[Result "0-1"]
[WhiteElo "2454"]
[BlackElo "2264"]
[PlyCount "90"]
[EventDate "2010.??.??"]

1. Nf3 c5 2. g3 Nc6 3. d4 cxd4 4. Nxd4 g6 5. Bg2 Bg7 6. Nxc6 bxc6 7. O-O Nf6 8.
Nd2 O-O 9. Nb3 a5 10. a4 Ba6 11. Re1 Qc7 12. Nc5 Bc8 13. Nd3 d6 14. b3 e5 15.
e4 Be6 16. Ba3 Rfd8 17. Qe2 c5 18. Nb2 Nd7 19. Nc4 Nb6 20. Ne3 c4 21. Rab1 Rd7
22. Red1 Rad8 23. f4 f6 24. f5 Bf7 25. fxg6 hxg6 26. Bh3 Re7 27. Ng4 Ree8 28.
Rf1 Nd7 29. Bc1 cxb3 30. cxb3 d5 31. Bh6 dxe4 32. Qe3 f5 33. Bxg7 Kxg7 34. Qh6+
Kg8 35. Ne3 Nf8 36. Kh1 Be6 37. Ng2 Qh7 38. Qxh7+ Nxh7 39. Nh4 Ng5 40. Bg2 Kg7
41. Rfe1 Rb8 42. Re3 f4 43. Rc3 Rec8 44. Rxc8 Rxc8 45. Kg1 f3 0-1

[Event "26.ChessOrg Schachfestival"]
[Site "Bad Woerishofen"]
[Date "2010.03.08"]
[Round "3.10"]
[White "Karpatchev, Alexandr"]
[Black "Loew, Gerald"]
[Result "1-0"]
[WhiteElo "2483"]
[BlackElo "2282"]
[PlyCount "67"]
[EventDate "2010.??.??"]

1. e4 c5 2. c3 g6 3. Nf3 Bg7 4. d4 cxd4 5. Bc4 e6 6. O-O Ne7 7. Nxd4 d5 8. exd5
Nxd5 9. Nb5 a6 10. Bxd5 axb5 11. Bf3 Qxd1 12. Rxd1 Nc6 13. Na3 b4 14. Nb5 O-O
15. Be3 Ra5 16. a4 bxc3 17. bxc3 Ne5 18. Be2 Bd7 19. f4 Bxb5 20. axb5 Rxa1 21.
Rxa1 Nd7 22. Rd1 Nf6 23. c4 h5 24. Bf3 Rc8 25. c5 Ng4 26. Bxg4 hxg4 27. Rd7 Bf8
28. c6 bxc6 29. b6 c5 30. b7 Rb8 31. f5 e5 32. fxg6 f5 33. g7 Bxg7 34. Bxc5 1-0

[Event "26.ChessOrg Schachfestival"]
[Site "Bad Woerishofen"]
[Date "2010.03.08"]
[Round "3.16"]
[White "Koepke, Christian"]
[Black "Eperjesi, Lazlo Dr"]
[Result "1-0"]
[WhiteElo "2370"]
[BlackElo "2183"]
[PlyCount "57"]
[EventDate "2010.??.??"]

1. e4 c6 2. d4 d5 3. e5 Bf5 4. h4 h5 5. Bg5 Qb6 6. Bd3 Bxd3 7. Qxd3 e6 8. Nd2
Ne7 9. Ngf3 Qa6 10. c4 Nf5 11. O-O Be7 12. Bxe7 Kxe7 13. b4 dxc4 14. Nxc4 Rd8
15. a4 Nd7 16. Rfb1 b6 17. b5 Qc8 18. Nd6 Nxd6 19. exd6+ Ke8 20. Qh7 Nf8 21.
Qxg7 Rxd6 22. Ne5 Qc7 23. bxc6 Qe7 24. a5 Rb8 25. axb6 axb6 26. Qh8 Rbd8 27.
Nd7 R8xd7 28. cxd7+ Qxd7 29. Ra8+ 1-0

[Event "26.ChessOrg Schachfestival"]
[Site "Bad Woerishofen"]
[Date "2010.03.08"]
[Round "3.11"]
[White "Kunz, Konstantin"]
[Black "Farago, Ivan"]
[Result "0-1"]
[WhiteElo "2273"]
[BlackElo "2476"]
[PlyCount "52"]
[EventDate "2010.??.??"]

1. d4 e6 2. Nf3 c5 3. e3 Nf6 4. Bd3 Be7 5. O-O O-O 6. c4 cxd4 7. exd4 d5 8.
cxd5 Nxd5 9. Nc3 Nc6 10. Re1 Bf6 11. Be4 Qd6 12. Bg5 Bxg5 13. Bxh7+ Kxh7 14.
Ne4 Qf4 15. Nfxg5+ Kg8 16. Qh5 Qf5 17. Nd6 Nf6 18. Qh4 Qg4 19. Qxg4 Nxg4 20.
Re4 Nf6 21. Rf4 Ne7 22. h3 Ng6 23. Rf3 Bd7 24. Rb3 Bc6 25. Nxb7 Bd5 26. Rb5 a6
0-1

[Event "26.ChessOrg Schachfestival"]
[Site "Bad Woerishofen"]
[Date "2010.03.08"]
[Round "3.67"]
[White "Lupor, Stefan"]
[Black "Engl, Heinz"]
[Result "1-0"]
[WhiteElo "2262"]
[BlackElo "2075"]
[PlyCount "51"]
[EventDate "2010.??.??"]

1. d4 d5 2. c4 e6 3. Nc3 c5 4. cxd5 exd5 5. Nf3 Nc6 6. g3 Nf6 7. Bg2 cxd4 8.
Nxd4 Qb6 9. Nxc6 bxc6 10. O-O Be7 11. e4 dxe4 12. Nxe4 O-O 13. Be3 Qxb2 14. Bd4
Qb5 15. Nxf6+ Bxf6 16. Bxf6 gxf6 17. Rc1 Bb7 18. Rb1 Qa6 19. Qg4+ Kh8 20. Qf5
Rg8 21. Qxf6+ Rg7 22. Rfd1 Re8 23. Rd8 Rxd8 24. Qxd8+ Rg8 25. Qf6+ Rg7 26. Rd1
1-0

[Event "26.ChessOrg Schachfestival"]
[Site "Bad Woerishofen"]
[Date "2010.03.08"]
[Round "3.44"]
[White "Machowitsch, Wolf"]
[Black "Neumann, Joachim"]
[Result "1/2-1/2"]
[WhiteElo "1987"]
[BlackElo "2156"]
[PlyCount "54"]
[EventDate "2010.??.??"]

1. d4 Nf6 2. c4 e6 3. Nf3 b6 4. Bg5 Bb4+ 5. Nc3 h6 6. Bd2 Bb7 7. e3 O-O 8. Bd3
d5 9. cxd5 exd5 10. Qc2 Re8 11. O-O Bf8 12. Rac1 Na6 13. Na4 c5 14. dxc5 Nxc5
15. Nxc5 bxc5 16. Rfd1 Ne4 17. Be1 Qb6 18. a3 Rac8 19. Nd2 Nxd2 20. Qxd2 Rb8
21. b4 cxb4 22. axb4 Ba6 23. Ra1 Bc5 24. Rdb1 Bxb4 25. Rxb4 Qxb4 26. Qxb4 Rxb4
27. Bxb4 Bxd3 1/2-1/2

[Event "26.ChessOrg Schachfestival"]
[Site "Bad Woerishofen"]
[Date "2010.03.08"]
[Round "3.61"]
[White "Makryniotis, Konstantinos"]
[Black "Schellmann, Frank"]
[Result "0-1"]
[WhiteElo "1912"]
[BlackElo "2141"]
[PlyCount "53"]
[EventDate "2010.??.??"]

1. d4 f5 2. Qd3 d5 3. g4 g6 4. gxf5 Bxf5 5. Qb5+ Nc6 6. c3 Rb8 7. Bg5 a6 8. Qa4
Bg7 9. Nd2 Nf6 10. Bg2 Qd7 11. Bxf6 Bxf6 12. e4 dxe4 13. Nxe4 Ne5 14. Qc2 Nf7
15. Qe2 O-O 16. Nc5 Qc8 17. Be4 e5 18. d5 Bxe4 19. Nxe4 Nd6 20. Nxf6+ Rxf6 21.
Qxe5 Qf8 22. O-O-O Re8 23. Qg3 Rxf2 24. Nh3 Rf3 25. Qg4 Re4 26. Qg2 Re5 27. Kb1
0-1

[Event "26.ChessOrg Schachfestival"]
[Site "Bad Woerishofen"]
[Date "2010.03.08"]
[Round "3.3"]
[White "Malaniuk, Vladimir"]
[Black "Peschlow, Patrick"]
[Result "1-0"]
[WhiteElo "2582"]
[BlackElo "2307"]
[PlyCount "47"]
[EventDate "2010.??.??"]

1. Nf3 Nf6 2. c4 g6 3. Nc3 d5 4. cxd5 Nxd5 5. Qa4+ Bd7 6. Qc2 Nb4 7. Qb3 c5 8.
Ne4 Qa5 9. a3 Be6 10. Qc3 Bg7 11. Qxg7 Nc2+ 12. Kd1 Bb3 13. Qxh8+ Kd7 14. e3
Nxa1+ 15. Ke1 Nc2+ 16. Ke2 f6 17. d3 c4 18. d4 Qf5 19. Nc5+ Kc7 20. Qe8 Nc6 21.
Qxa8 N2xd4+ 22. Nxd4 Nxd4+ 23. exd4 Qg4+ 24. Ke3 1-0

[Event "26.ChessOrg Schachfestival"]
[Site "Bad Woerishofen"]
[Date "2010.03.08"]
[Round "3.5"]
[White "Meier, Volker"]
[Black "Abergel, Thal"]
[Result "1-0"]
[WhiteElo "2304"]
[BlackElo "2547"]
[PlyCount "107"]
[EventDate "2010.??.??"]

1. e4 c5 2. Nf3 d6 3. d4 cxd4 4. Qxd4 Nc6 5. Bb5 Bd7 6. Bxc6 Bxc6 7. Nc3 h6 8.
O-O e5 9. Qd3 Nf6 10. Nd2 Be7 11. Nc4 O-O 12. Ne3 Re8 13. a4 Rc8 14. b3 a6 15.
a5 Qc7 16. Rd1 Bd7 17. Bb2 Be6 18. Ncd5 Nxd5 19. exd5 Bd7 20. c4 Bg5 21. g3 Bh3
22. Ng2 Qd7 23. Re1 f5 24. f4 Bxg2 25. fxg5 Be4 26. Qd2 hxg5 27. Qxg5 Rf8 28.
Rac1 Rf6 29. Bc3 Qf7 30. Qe3 Rh6 31. Re2 Qh5 32. Kf1 Bf3 33. Rf2 Bg4 34. Ke1
Qg6 35. Kd2 f4 36. Qb6 Re8 37. Re1 Bf5 38. gxf4 Rh3 39. Re3 Bb1 40. Kc1 Qg1+
41. Be1 Bf5 42. Rfe2 Qf1 43. fxe5 Rxe3 44. Rxe3 dxe5 45. Kb2 Qg2+ 46. Ka3 Qxh2
47. Qxb7 Qc2 48. Kb4 Rc8 49. Bc3 Qc1 50. Rxe5 Bd7 51. Re7 Rxc4+ 52. Kxc4 Bb5+
53. Kb4 Qf4+ 54. Ka3 1-0

[Event "26.ChessOrg Schachfestival"]
[Site "Bad Woerishofen"]
[Date "2010.03.08"]
[Round "3.6"]
[White "Nyzhnyk, Illya"]
[Black "Szablowski, Pawel"]
[Result "1-0"]
[WhiteElo "2544"]
[BlackElo "2298"]
[PlyCount "81"]
[EventDate "2010.??.??"]

1. d4 Nf6 2. c4 c5 3. d5 e5 4. Nc3 d6 5. e4 Nbd7 6. Bd3 Be7 7. Nge2 h5 8. Ng3
g6 9. Bd2 a6 10. a3 h4 11. Nge2 Nh7 12. O-O Bg5 13. Be1 h3 14. g3 O-O 15. Kh1
f5 16. exf5 gxf5 17. f4 Bh6 18. Bc2 Ndf6 19. fxe5 dxe5 20. Bd2 Bxd2 21. Qxd2
Ng4 22. Ng1 b5 23. b3 Qg5 24. Qe1 Rb8 25. Nd1 bxc4 26. bxc4 e4 27. Rf4 Nhf6 28.
Ne3 Nxe3 29. Qxe3 Ng4 30. Qxc5 Rb2 31. Rc1 e3 32. Ne2 Nf2+ 33. Kg1 Qh5 34. Qxe3
Re8 35. Qf3 Ng4 36. Nd4 Qg5 37. Qc3 Rb7 38. Bxf5 Bxf5 39. Nxf5 Nf6 40. Nh6+
Qxh6 41. Qxf6 1-0

[Event "26.ChessOrg Schachfestival"]
[Site "Bad Woerishofen"]
[Date "2010.03.08"]
[Round "3.13"]
[White "Pierecker, Markus"]
[Black "Arnaudov, Petar"]
[Result "1/2-1/2"]
[WhiteElo "2258"]
[BlackElo "2404"]
[PlyCount "146"]
[EventDate "2010.??.??"]

1. c4 Nf6 2. Nc3 e6 3. Nf3 Bb4 4. g3 O-O 5. Bg2 d5 6. cxd5 exd5 7. a3 Be7 8. d4
a5 9. O-O c6 10. Ne5 Nbd7 11. Nxd7 Bxd7 12. Qb3 b5 13. e4 b4 14. axb4 axb4 15.
Rxa8 Qxa8 16. e5 bxc3 17. exf6 Bxf6 18. bxc3 Rb8 19. Qa3 Qxa3 20. Bxa3 Rb3 21.
Bc1 Rxc3 22. Be3 h5 23. h4 Bg4 24. Rb1 Bf5 25. Rb7 Rc4 26. Bf1 Ra4 27. Be2 Bxd4
28. Bxh5 g6 29. Bxd4 Rxd4 30. Bf3 Be4 31. Kg2 c5 32. Rd7 Bxf3+ 33. Kxf3 c4 34.
Ke3 Rd1 35. Ke2 Rd3 36. g4 Kf8 37. h5 gxh5 38. gxh5 Ke8 39. Rd6 Ke7 40. Rc6 Kd7
41. Rf6 Rh3 42. h6 Ke7 43. Rc6 f6 44. h7 Kf7 45. Rd6 Kg6 46. Rxd5 Rxh7 47. Rc5
Rh4 48. Ke3 f5 49. f4 Rh3+ 50. Kd4 Rd3+ 51. Kxc4 Rf3 52. Kd4 Rxf4+ 53. Ke3 Ra4
54. Rc8 Ra3+ 55. Kf4 Ra4+ 56. Kg3 Kf7 57. Rc6 Re4 58. Ra6 Re6 59. Rxe6 Kxe6 60.
Kf4 Kf6 61. Kf3 Ke5 62. Ke3 f4+ 63. Kf3 Kf5 64. Kf2 Ke4 65. Ke2 f3+ 66. Kf2 Kf4
67. Kf1 Kg5 68. Kf2 Kg4 69. Kf1 Kf5 70. Kf2 Kf4 71. Kf1 Ke3 72. Ke1 f2+ 73. Kf1
Kf3 1/2-1/2

[Event "26.ChessOrg Schachfestival"]
[Site "Bad Woerishofen"]
[Date "2010.03.08"]
[Round "3.19"]
[White "Pirrot, Dieter"]
[Black "Daeubler, Heinrich"]
[Result "1-0"]
[WhiteElo "2414"]
[BlackElo "2130"]
[PlyCount "67"]
[EventDate "2010.??.??"]

1. e4 e5 2. Nf3 Nc6 3. Bc4 Nf6 4. Ng5 d5 5. exd5 b5 6. Bf1 Nd4 7. c3 Nxd5 8.
cxd4 Qxg5 9. Bxb5+ Kd8 10. O-O Bb7 11. Qf3 Rb8 12. dxe5 Ne3 13. Qh3 Qxg2+ 14.
Qxg2 Nxg2 15. d4 Be7 16. Be2 g5 17. Nc3 f6 18. d5 Nf4 19. Bxf4 gxf4 20. e6 Rg8+
21. Kh1 Bb4 22. Bf3 Ke7 23. Rad1 Ba6 24. Rg1 Rxg1+ 25. Rxg1 Bxc3 26. bxc3 Rb2
27. Rg7+ Kd6 28. Rd7+ Ke5 29. Kg2 Bb5 30. Rxc7 Rxa2 31. c4 Kd6 32. cxb5 Kxc7
33. e7 Kd7 34. d6 1-0

[Event "26.ChessOrg Schachfestival"]
[Site "Bad Woerishofen"]
[Date "2010.03.08"]
[Round "3.43"]
[White "Reitz, Rolf"]
[Black "Egel, Amos"]
[Result "1/2-1/2"]
[WhiteElo "2161"]
[BlackElo "1984"]
[PlyCount "63"]
[EventDate "2010.??.??"]

1. d4 Nf6 2. Nf3 c5 3. g3 g6 4. Bg2 Bg7 5. c4 O-O 6. O-O d6 7. Nc3 Na6 8. h3
Rb8 9. Nb5 Ra8 10. Be3 Nd7 11. Qd2 Nc7 12. Nc3 Rb8 13. a4 cxd4 14. Bxd4 Nc5 15.
Bxg7 Kxg7 16. Qc2 Kg8 17. b4 N5e6 18. Rfd1 a5 19. Nd5 axb4 20. Nxb4 Nc5 21. Nd4
Bd7 22. Nb5 Ra8 23. Nxc7 Qxc7 24. Nd5 Qd8 25. a5 Re8 26. Nb6 Ra6 27. Qc3 Qc7
28. Nd5 Qd8 29. Rdb1 Bc6 30. Nb6 Bxg2 31. Kxg2 Nd7 32. Nd5 1/2-1/2

[Event "26.ChessOrg Schachfestival"]
[Site "Bad Woerishofen"]
[Date "2010.03.08"]
[Round "3.8"]
[White "Romanishin, Oleg"]
[Black "Safyanowsky, Mark"]
[Result "1/2-1/2"]
[WhiteElo "2513"]
[BlackElo "2292"]
[PlyCount "96"]
[EventDate "2010.??.??"]

1. Nf3 Nf6 2. g3 d5 3. Bg2 c6 4. O-O Bg4 5. c4 e6 6. Ne5 Bf5 7. Qb3 Qb6 8. d3
Nbd7 9. Nxd7 Nxd7 10. Be3 Qxb3 11. axb3 a6 12. Bd4 e5 13. Bc3 d4 14. Bd2 Nc5
15. Ra3 Nxd3 16. exd3 Bxa3 17. Nxa3 Bxd3 18. Re1 O-O 19. Rxe5 Rfe8 20. Rxe8+
Rxe8 21. Bf1 Bxf1 22. Kxf1 b5 23. Nc2 d3 24. Nb4 Re4 25. Nxd3 bxc4 26. bxc4
Rxc4 27. Bc3 f6 28. Ke2 Kf7 29. Kd2 Ra4 30. b3 Ra2+ 31. Bb2 Ra5 32. Kc3 Rh5 33.
h4 a5 34. Kc4 Rb5 35. Bd4 Ke6 36. Be5 Kf5 37. f3 g5 38. g4+ Ke6 39. hxg5 fxg5
40. Bd4 Rb8 41. Nc5+ Kf7 42. Bc3 Ra8 43. Kd4 Kg6 44. Nd3 h5 45. Ne5+ Kh6 46.
gxh5 a4 47. bxa4 Rxa4+ 48. Kd3 Kxh5 1/2-1/2

[Event "26.ChessOrg Schachfestival"]
[Site "Bad Woerishofen"]
[Date "2010.03.08"]
[Round "3.1"]
[White "Rozentalis, Eduardas"]
[Black "Stewart, Neil"]
[Result "1-0"]
[WhiteElo "2628"]
[BlackElo "2327"]
[PlyCount "78"]
[EventDate "2010.??.??"]

1. e4 e6 2. d4 d5 3. Nc3 Bb4 4. exd5 exd5 5. Bd3 Nc6 6. a3 Bxc3+ 7. bxc3 Nge7
8. Qf3 Be6 9. Rb1 b6 10. Ne2 Qd7 11. Nf4 O-O 12. Nxe6 Qxe6+ 13. Kf1 Rfe8 14.
Bf4 Ng6 15. Bg3 Na5 16. h4 h6 17. h5 Nf8 18. Rh4 Nh7 19. Bf4 Nf6 20. Qg3 Kh8
21. Be5 Nc6 22. Re1 Nxe5 23. dxe5 Rad8 24. f3 Nh7 25. f4 Qe7 26. Rg4 Rg8 27.
Bxh7 Kxh7 28. f5 Qc5 29. Qd3 Kh8 30. a4 Qe7 31. Qf3 c5 32. Qf4 d4 33. c4 d3 34.
cxd3 Qd7 35. Re3 Qxa4 36. f6 Qd1+ 37. Kf2 Qd2+ 38. Kg1 Kh7 39. fxg7 Qc1+ 1-0

[Event "26.ChessOrg Schachfestival"]
[Site "Bad Woerishofen"]
[Date "2010.03.08"]
[Round "3.34"]
[White "Schaefer, Michael"]
[Black "Woerl, Richard"]
[Result "1-0"]
[WhiteElo "2193"]
[BlackElo "2026"]
[PlyCount "89"]
[EventDate "2010.??.??"]

1. d4 d5 2. Nf3 Nf6 3. e3 Bf5 4. c4 c6 5. Nc3 e6 6. Nh4 Bg6 7. Qb3 b6 8. Nxg6
hxg6 9. cxd5 exd5 10. g3 Bd6 11. Bg2 Qe7 12. Nxd5 Nxd5 13. Bxd5 cxd5 14. Qxd5
Bb4+ 15. Kf1 O-O 16. Qxa8 Qd7 17. Qf3 Qh3+ 18. Kg1 Rc8 19. Qg2 Qg4 20. h3 Qe2
21. Qb7 Rc2 22. Qxb8+ Bf8 23. Bd2 Rxd2 24. Rh2 Rxb2 25. Qf4 Rc2 26. Qg4 Qd3 27.
h4 Be7 28. Rd1 Rd2 29. Rxd2 Qxd2 30. h5 g5 31. h6 gxh6 32. Rxh6 Qc2 33. Qh5
Qb1+ 34. Kh2 Kg7 35. Rh8 f6 36. Qh6+ Kf7 37. Qh7+ Qxh7+ 38. Rxh7+ Ke6 39. e4 b5
40. f4 a5 41. fxg5 fxg5 42. d5+ Kd7 43. e5 Ke8 44. d6 Bf8 45. Ra7 1-0

[Event "26.ChessOrg Schachfestival"]
[Site "Bad Woerishofen"]
[Date "2010.03.08"]
[Round "3.33"]
[White "Spanton, Tim"]
[Black "Grafe, Wilhelm"]
[Result "0-1"]
[WhiteElo "2030"]
[BlackElo "2193"]
[PlyCount "50"]
[EventDate "2010.??.??"]

1. e4 c6 2. d4 d5 3. exd5 cxd5 4. c4 Nf6 5. Nc3 e6 6. Nf3 Be7 7. Bd3 dxc4 8.
Bxc4 O-O 9. O-O Nc6 10. Bg5 h6 11. Bh4 b6 12. Re1 Bb7 13. a3 Na5 14. Ba2 Nd5
15. Bxe7 Nxe7 16. b4 Rc8 17. Qd3 Bxf3 18. Qxf3 Nac6 19. d5 exd5 20. Nxd5 Nxd5
21. Rad1 Nce7 22. Bxd5 Nxd5 23. Rxd5 Qc7 24. g3 Qc3 25. Rd3 Qxe1+ 0-1

[Event "26.ChessOrg Schachfestival"]
[Site "Bad Woerishofen"]
[Date "2010.03.08"]
[Round "3.2"]
[White "Welling, Gerard"]
[Black "Burmakin, Vladimir"]
[Result "0-1"]
[WhiteElo "2344"]
[BlackElo "2604"]
[PlyCount "52"]
[EventDate "2010.??.??"]

1. e4 c6 2. d3 d5 3. Qe2 dxe4 4. dxe4 e5 5. Be3 Nf6 6. f3 Be6 7. Nd2 Qa5 8. c3
Nbd7 9. Qf2 Qa4 10. Bd3 O-O-O 11. Bb1 Qb5 12. b4 a5 13. a4 Qa6 14. b5 cxb5 15.
Bd3 Qc6 16. Bxb5 Qxc3 17. Rd1 Bc5 18. Bxc5 Qxc5 19. Ne2 Kb8 20. Rc1 Qxf2+ 21.
Kxf2 Nb6 22. Ke3 Rc8 23. Rxc8+ Rxc8 24. Rc1 Nfd7 25. Rxc8+ Nxc8 26. Nc3 Nc5 0-1

[Event "26.ChessOrg Schachfestival"]
[Site "Bad Woerishofen"]
[Date "2010.03.08"]
[Round "3.9"]
[White "de Francesco, Klaus"]
[Black "Mainka, Romuald"]
[Result "1/2-1/2"]
[WhiteElo "2283"]
[BlackElo "2510"]
[PlyCount "68"]
[EventDate "2010.??.??"]

1. d4 d6 2. e4 Nf6 3. Nc3 g6 4. f4 Bg7 5. a3 O-O 6. Nf3 Nc6 7. Be2 Bg4 8. d5
Nb8 9. h3 Bxf3 10. Bxf3 c6 11. O-O Nbd7 12. dxc6 bxc6 13. Be3 Qc7 14. Qd2 Rab8
15. Rab1 e5 16. Be2 exf4 17. Bxf4 Ne5 18. b4 Rfe8 19. Kh1 Re6 20. a4 Rbe8 21.
Bg5 Nfd7 22. b5 Nc5 23. bxc6 Nxc6 24. Nd5 Qd7 25. Bd3 Nxe4 26. Bxe4 Rxe4 27.
Nf6+ Bxf6 28. Bxf6 Nd8 29. Rb8 d5 30. Qg5 Ne6 31. Rxe8+ Qxe8 32. Qxd5 Nf4 33.
Qg5 Nh5 34. Bb2 Qb8 1/2-1/2

[Event "26.ChessOrg Schachfestival"]
[Site "Bad Woerishofen"]
[Date "2010.03.09"]
[Round "4.4"]
[White "Buecker, Stefan"]
[Black "Nyzhnyk, Illya"]
[Result "0-1"]
[WhiteElo "2355"]
[BlackElo "2544"]
[PlyCount "108"]
[EventDate "2010.??.??"]

1. e4 c5 2. Nc3 a6 3. g3 b5 4. Bg2 Bb7 5. d3 e6 6. f4 Ne7 7. Be3 Qc7 8. Nf3 d5
9. Bf2 Nd7 10. Qe2 g6 11. O-O Bg7 12. e5 h5 13. a4 b4 14. Nb1 a5 15. Nbd2 Ba6
16. c4 bxc3 17. bxc3 Rb8 18. Ra2 Nb6 19. Rc1 c4 20. Bxb6 Qxb6+ 21. d4 Nf5 22.
Qe1 Bf8 23. Rb1 Qc7 24. Bh3 Be7 25. Rxb8+ Qxb8 26. Qa1 Kf8 27. Bxf5 gxf5 28. h4
Kg7 29. Rb2 Qc7 30. Qb1 Ra8 31. Nf1 Bc8 32. Ng5 Bd7 33. Qd1 Kg6 34. Ne3 Rb8 35.
Rg2 Qb6 36. Kh2 Qb1 37. Qf3 Rb2 38. Rxb2 Qxb2+ 39. Kh3 Bxg5 40. fxg5 Qxc3 41.
Qf4 Qe1 42. Kh2 c3 43. Ng2 Qd2 44. Qf3 c2 45. Qa3 Qb4 46. Qc1 Qb1 47. Nf4+ Kh7
48. g6+ Kg8 49. gxf7+ Kxf7 50. Nd3 Qxc1 51. Nxc1 Bxa4 52. Kg2 Bb5 53. Kf2 Bc4
54. Ke3 Kg6 0-1

[Event "26.ChessOrg Schachfestival"]
[Site "Bad Woerishofen"]
[Date "2010.03.09"]
[Round "4.2"]
[White "Burmakin, Vladimir"]
[Black "Koepke, Christian"]
[Result "1/2-1/2"]
[WhiteElo "2604"]
[BlackElo "2370"]
[PlyCount "55"]
[EventDate "2010.??.??"]

1. Nf3 g6 2. d4 Nf6 3. g3 Bg7 4. Bg2 O-O 5. O-O d6 6. c4 Nc6 7. d5 Na5 8. Nfd2
c5 9. a3 b6 10. b4 Nb7 11. Bb2 Rb8 12. Nc3 Bd7 13. Qb3 a6 14. Nce4 Nxe4 15.
Nxe4 Na5 16. Qc2 Bxb2 17. Qxb2 Nxc4 18. Qc3 Ne5 19. f4 Ng4 20. h3 Nf6 21. Nf2
cxb4 22. axb4 Bb5 23. Rfe1 Rc8 24. Qd2 Rc4 25. e4 Qc7 26. e5 Nd7 27. e6 Nf6 28.
exf7+ 1/2-1/2

[Event "26.ChessOrg Schachfestival"]
[Site "Bad Woerishofen"]
[Date "2010.03.09"]
[Round "4.42"]
[White "Daeubler, Heinrich"]
[Black "Pettersson, Alexander"]
[Result "1-0"]
[WhiteElo "2130"]
[BlackElo "1946"]
[PlyCount "87"]
[EventDate "2010.??.??"]

1. d4 Nf6 2. c4 e6 3. Nf3 b6 4. g3 Ba6 5. Qa4 c5 6. Bg2 Bb7 7. dxc5 Bxc5 8. O-O
Be7 9. Nc3 Na6 10. Bg5 O-O 11. Qc2 Nc5 12. Bxf6 Bxf6 13. b4 Bxc3 14. Qxc3 Ne4
15. Qd4 Nf6 16. Rfd1 Qe7 17. Qd6 Qxd6 18. Rxd6 Rac8 19. Ne5 Bxg2 20. Kxg2 g6
21. Rad1 Rc7 22. R1d4 Rfc8 23. a3 Kf8 24. Nxd7+ Nxd7 25. Rxd7 Ke8 26. Rxc7 Rxc7
27. Kf3 Ke7 28. Ke4 f6 29. Kd3 e5 30. Rd5 Ke6 31. e4 f5 32. c5 bxc5 33. bxc5
Rc6 34. Kc4 fxe4 35. Rd2 a6 36. Rb2 Kf5 37. Kd5 Rc8 38. Kd6 Rd8+ 39. Ke7 Rd3
40. Rc2 Rxa3 41. c6 Rb3 42. c7 Rb7 43. Kd6 Rxc7 44. Rxc7 1-0

[Event "26.ChessOrg Schachfestival"]
[Site "Bad Woerishofen"]
[Date "2010.03.09"]
[Round "4.30"]
[White "Doell, Detlef"]
[Black "Kugelmann, Werner"]
[Result "1/2-1/2"]
[WhiteElo "2129"]
[BlackElo "2240"]
[PlyCount "35"]
[EventDate "2010.??.??"]

1. e4 e5 2. Nf3 Nc6 3. Bb5 a6 4. Bxc6 dxc6 5. O-O Bd6 6. d4 Bg4 7. dxe5 Bxf3 8.
Qxf3 Bxe5 9. Nd2 b5 10. Qb3 Nf6 11. c3 Bf4 12. Nf3 Bxc1 13. Raxc1 O-O 14. e5
Ne4 15. Rfd1 Qe8 16. c4 Nc5 17. Qe3 Ne6 18. Rd2 1/2-1/2

[Event "26.ChessOrg Schachfestival"]
[Site "Bad Woerishofen"]
[Date "2010.03.09"]
[Round "4.68"]
[White "Ellinger, Peter"]
[Black "Klett, Thomas"]
[Result "1/2-1/2"]
[WhiteElo "2023"]
[BlackElo "1902"]
[PlyCount "28"]
[EventDate "2010.??.??"]

1. e4 Nf6 2. e5 Nd5 3. d4 d6 4. c4 Nb6 5. f4 dxe5 6. fxe5 Nc6 7. Be3 Bf5 8. Nc3
e6 9. Nf3 Be7 10. Be2 O-O 11. O-O f6 12. exf6 Bxf6 13. Qd2 Qe7 14. Rad1 Rad8
1/2-1/2

[Event "26.ChessOrg Schachfestival"]
[Site "Bad Woerishofen"]
[Date "2010.03.09"]
[Round "4.37"]
[White "Gerstner, Bernhard"]
[Black "Machowitsch, Wolf"]
[Result "1-0"]
[WhiteElo "2190"]
[BlackElo "1987"]
[PlyCount "45"]
[EventDate "2010.??.??"]

1. d4 d5 2. c4 c6 3. Nf3 Nf6 4. e3 a6 5. Bd3 b5 6. b3 Bg4 7. Nbd2 Nbd7 8. Qc2
e6 9. O-O Bd6 10. Bb2 Qb8 11. h3 Bh5 12. a4 bxc4 13. bxc4 Bg6 14. Bxg6 hxg6 15.
Rfb1 O-O 16. Ba3 Qc7 17. cxd5 Bxa3 18. dxe6 Bd6 19. exd7 Nxd7 20. Rc1 Rfc8 21.
Qe4 c5 22. Qh4 Qa7 23. Ne4 1-0

[Event "26.ChessOrg Schachfestival"]
[Site "Bad Woerishofen"]
[Date "2010.03.09"]
[Round "4.24"]
[White "Gruenhagen, Marc"]
[Black "Friedrich, Norbert"]
[Result "0-1"]
[WhiteElo "2131"]
[BlackElo "2299"]
[PlyCount "50"]
[EventDate "2010.??.??"]

1. d4 d5 2. c4 c6 3. Nf3 Nf6 4. e3 e6 5. Nbd2 c5 6. Be2 Nc6 7. O-O cxd4 8. exd4
Be7 9. b3 dxc4 10. Nxc4 O-O 11. Bb2 b6 12. Nfe5 Bb7 13. Bf3 Rc8 14. Rc1 Nd5 15.
Be4 b5 16. Nd2 Nxe5 17. dxe5 Qa5 18. Rxc8 Rxc8 19. Bb1 Nc3 20. Bxc3 Qxc3 21.
Qe2 a6 22. Rd1 Rd8 23. h3 g6 24. f4 Rd4 25. Kh1 Bb4 0-1

[Event "26.ChessOrg Schachfestival"]
[Site "Bad Woerishofen"]
[Date "2010.03.09"]
[Round "4.41"]
[White "Grundner, Alois"]
[Black "Heppell, Ian"]
[Result "0-1"]
[WhiteElo "2006"]
[BlackElo "2136"]
[PlyCount "80"]
[EventDate "2010.??.??"]

1. d4 d5 2. c4 e6 3. Nc3 Nf6 4. Nf3 Nbd7 5. Bg5 c6 6. e3 Qa5 7. Bxf6 Nxf6 8.
Nd2 Be7 9. Bd3 O-O 10. O-O Re8 11. f4 Bd7 12. Nf3 dxc4 13. Bxc4 c5 14. Qe2 a6
15. a4 Rad8 16. Rfd1 cxd4 17. Nxd4 Bb4 18. Nb3 Qc7 19. Na2 Bf8 20. Rac1 Qb8 21.
Nc3 e5 22. Qf2 Bg4 23. Rxd8 Rxd8 24. h3 Bc8 25. Qf3 b5 26. axb5 axb5 27. Bxb5
Bb7 28. Qf2 Bb4 29. Qf1 Qa7 30. fxe5 Qxe3+ 31. Qf2 Qxe5 32. Qe2 Qg3 33. Qf2 Qe5
34. Qb6 Qe7 35. Bc4 Rc8 36. Nb5 Bxg2 37. Kxg2 Qe4+ 38. Kf1 Rxc4 39. Rd1 Qf3+
40. Kg1 Qxd1+ 0-1